ميں د ھير ہو ں (لا ہو ر کی تا ر يچ،ثقا فتی،سيا سی،ا و ر ا د بی د ستا و يز ) (Record no. 176278)

MARC details
000 -LEADER
fixed length control field 00742nam a22001937a 4500
005 - DATE AND TIME OF LATEST TRANSACTION
control field 20201208163247.0
010 ## - LCCN (DPL NO)
LC control number UR-10957
020 ## - INTERNATIONAL STANDARD BOOK NUMBER
Terms of availability 300.00
International Standard Book Number 9789390100323
035 ## - SYSTEM CONTROL NUMBER
System control number U-9512
037 ## - SOURCE OF ACQUISITION
Source of stock number/acquisition DBAD/PUB
082 ## - DEWEY DECIMAL CLASSIFICATION NUMBER
Classification number 954.7
100 ## - MAIN ENTRY--PERSONAL NAME
Personal name کيو ل د ھير
245 ## - TITLE STATEMENT
Title ميں د ھير ہو ں (لا ہو ر کی تا ر يچ،ثقا فتی،سيا سی،ا و ر ا د بی د ستا و يز )
Statement of responsibility, etc کيو ل د ھير
246 ## - VARYING FORM OF TITLE
Remainder of title Mein Lahore Hun (Urdu)
Title proper/short title by Kewal Dheer
260 ## - PUBLICATION, DISTRIBUTION, ETC. (IMPRINT)
Place of publication, distribution, etc N.Delhi
Name of publisher, distributor, etc Educational Publishing House
Date of publication, distribution, etc 2020 ء
270 ## - ADDRESS
Address H.O.D1/16,Ansari Road,Darya ganj,
City N.Delhi
Postal code 110002
Telephone number 45678285,23216162
Fax number 0091-11-23211540
300 ## - PHYSICAL DESCRIPTION
Extent 220 ص
Dimensions 22 Cm(Hb)
942 ## - ADDED ENTRY ELEMENTS (KOHA)
Source of classification or shelving scheme Dewey Decimal Classification
Item type Urdu Bks
Classification part 954.7
Call number suffix ک ے و
Holdings
Withdrawn status Lost status Not for loan Collection code Home library Current library Date acquired Source of acquisition Cost, normal purchase price Full call number Barcode Copy number Cost, replacement price Koha item type
      Non-fiction D.B.Act.Division D.B.Act.Division 08/12/2020 DBAD/PUB 300.00 954.7 ک ے و U-9512 1 300.00 Urdu Bks

© Delhi Public Library
Hit Counter
free hit counter